00490nam a22001337a 4500082001500000100005900015245004100074260006700115300000800182650002200190942000700212952012000219999001700339 a491.43 BAR aBarker, Muhammad Abd-al-RahmanaHasan Jahangir Hamdani aA Course In Urdu: Ibtedai Urdu Vol-3 aCanadabInstitute of Islamic Studies, Mc Gill Universityc1967 a225 aUrdu- Course Book cBK 00104070aHMIbHMIcGENd2015-09-09eDr Andreas D'Souzag0.00l0o491.43 BARp11-3321r2015-09-09w2015-09-09yBK c19705d19705